Editoriales del Neo-Granadino (Registro nro. 323700)
[ vista simple ]
| 000 -ENCABEZADO | |
|---|---|
| Número de control [NR] | 02076nam a2200265Ia 4500 |
| 005 - FECHA Y HORA DE LA ÚLTIMA TRANSACCIÓN | |
| control field | 20240116095315.0 |
| 008 - DE LONGITUD FIJA DE DATOS DE ELEMENTOS - INFORMACIÓN GENERAL | |
| Elementos de longitud fija [NR] | 130821s1936 ck fr dspa |
| 040 ## - FUENTE DE CATALOGACION [NR] | |
| Agencia de catalogación original [NR] | Co-BoUCM |
| Idioma de catalogación [NR] | spa |
| Quien Cataloga | Sandra Yazo |
| Quien Clasifica | Sandra Yazo |
| 041 00 - CODIGO DE IDIOMA [R] | |
| Código de idioma para texto/pista de sonido o título separado [R] | Español |
| 082 04 - NUMERO DE CLASIFICACION DECIMAL DEWEY [R] | |
| Número de clasificación [R] | 070.442 |
| Número de la edición [NR] | 20 |
| 092 ## - SIGNATURA TOPOGRAFICA LOCAL | |
| Número de clasificación local | E52N096 |
| 100 1# - ASIENTO PRINCIPAL--NOMBRE PERSONAL [NR] | |
| Nombre personal [NR] | Ancizar Basterra, Manuel Estevan |
| Fechas asociadas con el nombre [NR] | 1812-1882 |
| ID Autoridad | 64980 |
| 245 10 - MENCION DE TITULO [NR] | |
| Título [NR] | Editoriales del Neo-Granadino |
| Mención de responsabilidad, etc. [NR] | Manuel Estevan Ancízar Basterra. |
| 260 ## - PUBLICACION, DISTRIBUCION, ETC. (PIE DE IMPRENTA) [R] | |
| Lugar de publicación, distribución, etc. [R] | Bogotá (Colombia) |
| Nombre del editor, distribuidor, etc. [R] | Editorial Minerva S. A. |
| Fecha de publicación, distribución, etc. [R] | 1936 |
| 300 ## - DESCRIPCION FISICA [R] | |
| Extensión [R] | 172, [1] páginas |
| Dimensiones [R] | 18 x 14 cm |
| 490 #0 - MENCION DE SERIE [R] | |
| Mención de serie [R] | Biblioteca Aldeana de Colombia |
| Designación numérica/secuencial del volumen [NR] | 63 |
| 500 ## - NOTA GENERAL [R] | |
| Nota general [NR] | Detalles físicos: Sin encuadernación original. Actualmente: Encuadernación rígida (holandesa) en cartón forrado en papel jaspeado en tono azul. Lomo de tela, con letras y líneas decorativas en dorado. Cortes decorados (jaspeado azul). Guardas. Hoja de cortesía. Portada impresa en una sola tinta. Grabado con el emblema de la Colección. Texto impreso en una sola columna, con diferentes tipos y tamaños de letra. Notas de pie de página. Papel oxidado en bordes de las hojas. En la encuadernación (lomo) se indica una numeración (63). Colección Aldeana de Colombia es una selección de Samper Ortega de Literatura Colombiana. |
| 505 0# - NOTA DE CONTENIDO CON FORMATO PREESTABLECIDO [R] | |
| Nota de contenido con formato preestablecido [NR] | D. Manuel Ancízar / Gustavo Otero Muñoz ; Editoriales de “El Neo-Granadino”: Profesión de fe ; Alianza de periódicos ; Fomento industrial ; Caminos ; Liebrtad de imprenta ; Libertad industrial ; Convención reformadora ; Partidos políticos: su carácter y naturaleza en la Nueva Granada ; Partidos políticos: faz religiosa ; Reacciones ; 20 de julio ; Remociones ; ¡Victoria! ¡Victoria! ¡Adelante! ¡Adelante! De la libertad de la prensa oposicionista ; Sobre la necesidad de conservar el prestigio del gobierno ; El Cantón de Vélez |
| 506 ## - NOTA DE RESTRICCIONES DE ACCESO [R] | |
| Condiciones de acceso [NR] | Consulta en sala |
| 650 #7 - ASIENTO SECUNDARIO DE MATERIA - TERMINO TEMATICO [R] | |
| Término temático o nombre geográfico como elemento de entrada [NR] | Editores |
| Subdivisión general [R] | Historia |
| Subdivisión geográfica [R] | Colombia |
| 9 (RLIN) | 13774 |
| 650 #7 - ASIENTO SECUNDARIO DE MATERIA - TERMINO TEMATICO [R] | |
| Término temático o nombre geográfico como elemento de entrada [NR] | Historia de Colombia |
| 9 (RLIN) | 26508 |
| 650 07 - ASIENTO SECUNDARIO DE MATERIA - TERMINO TEMATICO [R] | |
| Término temático o nombre geográfico como elemento de entrada [NR] | Periodismo colombiano |
| 9 (RLIN) | 21342 |
| Subdivisión cronológica [R] | Siglo XIX |
| 690 ## - ASUNTO AGREGADO LOCAL DE ENTRADA - TÉRMINO TEMÁTICO (OCLC, RLIN) | |
| Acceso temático local | Periodismo |
| 9 (RLIN) | 21340 |
| 942 ## - ELEMENTOS DE ENTRADA AGREGADOS (KOHA) | |
| Tipo de ítem principal el descrito en 300a | Libro |
| Tema principal | 24 |
| Edición | 1 |
| Sistema de clasificación | LOCAL |
| Clasificación | E52N096 |
| Título oculto en OPAC | No |
| Suprimido | Perdido | Sistema de clasificación | Dañado | No prestable | Tipo de ítem específico | Ubicación habitual | Ubicación actual | Localización | Fecha de creación | Forma de adquisición | Costo | Total préstamos | Signatura topográfica | Código de barras | Última vez visto | Ejemplar | Price effective from | Tipo de ítem |
|---|---|---|---|---|---|---|---|---|---|---|---|---|---|---|---|---|---|---|
| LOCAL | Libro archivo | Archivo Histórico | Archivo Histórico | Archivo histórico | 13/12/2023 | Donación | 0.00 | E52N096 | L006929 | 13/12/2023 | Ej.1 | 13/12/2023 | Libro |